|
|
|
|
| LEADER |
00000nab a2200000uu 4500 |
| 001 |
vtls011492586 |
| 003 |
SK-MaSNL |
| 005 |
20260303155814.0 |
| 008 |
230222|1961 xo |||||||||||||||||slo| |
| 015 |
|
|
|a SNBRB
|
| 035 |
|
|
|a (urnnbn)urn:nbn:sk:snk:ar-007ncs
|
| 035 |
|
|
|a (uuid)2716656c-fcec-4ed3-9bbf-0f074068bc9e
|
| 035 |
|
|
|a urn:nbn:sk:snk-abdhad
|
| 040 |
|
|
|a SNKBUCL
|b slo
|c SNKBUCL
|e AACR2
|
| 041 |
0 |
|
|a slo
|
| 044 |
|
|
|a xo
|c SK
|
| 100 |
1 |
|
|a Jurčo, Vladimír
|4 aut
|9 756209
|
| 245 |
1 |
0 |
|a Rajonizácia plemien hovädzieho dobytka na Slovensku
|c Vladimír Jurčo
|
| 773 |
0 |
|
|t Vedecké práce Výskumného ústavu živočíšnej výroby v Nitre
|g Roč. 1, č. 1 (1961), s. 99-122
|
| 954 |
|
|
|a odborná, vedecká literatúra pôvodná (slovenská)
|2 lita
|
| 958 |
|
|
|a OND
|
| 958 |
|
|
|a EUIPO
|
| 958 |
|
|
|a article18
|
| 999 |
|
|
|c 2042521
|d 2044451
|